00779nas a2200241 4500001001300000003000900013005001700022007000300039008003400042040005400076041000900130072001300139100002000152100001800172100001800190100001700208245009200225650001200317650002500329650002600354773008600380856007100466BR2019000222BR-BrBNA20231205131547.0ta230509b bl.|||p| |||| 00| 00por d aBR-BrBNAbporcBiblioteca Nacional de Agricultura a(En) aL53; M121 aLopes, T. da S.1 aSanches, E.A.1 aCaneppele, D.1 aRomagosa, E.1 aSurubim-do-Paraíba oocytes viability after being exposed to different cryoprotectants aSURUBIM aPEIXE DE ÁGUA DOCE aREPRODUÇÃO ANIMAL0 tCiência Rural (Brazil)xISSN 1678-4596 g(2018), v. 48(6) p. 1-10wBR201900022240uhttp://www.scielo.br/pdf/cr/v48n6/1678-4596-cr-48-06-e20170667.pdf